| Tag |
First Indicator |
Second Indicator |
Subfields |
| LEADER |
00000cgm a2200000Mi 4500 |
| 001 |
in00005597713 |
| 006 |
m o c |
| 007 |
cr |n||||||||a |
| 007 |
vz |za|z| |
| 008 |
180830s2013 nyu002 e o vueng d |
| 005 |
20241201233913.3 |
| 035 |
|
|
|a (OCoLC)on1103986730
|
| 040 |
|
|
|a ALSTP
|b eng
|e rda
|c ALSTP
|d OCLCO
|d OCLCF
|d OCLCO
|d OCLCL
|d OCLCQ
|d NUI
|
| 019 |
|
|
|a 1373445833
|a 1430847117
|a 1443945596
|
| 035 |
|
|
|a (OCoLC)1103986730
|z (OCoLC)1373445833
|z (OCoLC)1430847117
|z (OCoLC)1443945596
|
| 049 |
|
|
|a TXAM
|
| 245 |
0 |
0 |
|a Sunday Morning.
|p Almanac :
|b August 11, 1992 /
|c by Columbia Broadcasting System.
|
| 246 |
3 |
0 |
|a Almanac :
|b August 11, 1992
|
| 264 |
|
1 |
|a New York, NY :
|b Columbia Broadcasting System,
|c 2013.
|
| 300 |
|
|
|a 1 online resource (2 minutes)
|
| 306 |
|
|
|a 000200
|
| 336 |
|
|
|a two-dimensional moving image
|b tdi
|2 rdacontent
|
| 337 |
|
|
|a computer
|b c
|2 rdamedia
|
| 337 |
|
|
|a video
|b v
|2 rdamedia
|
| 338 |
|
|
|a online resource
|b cr
|2 rdacarrier
|
| 347 |
|
|
|a video file
|2 rda
|
| 490 |
0 |
|
|a Academic Video Online
|
| 500 |
|
|
|a Title from resource description page (viewed May 28, 2019).
|
| 520 |
|
|
|a This segment of Sunday Morning is about the Mall of America in Bloomington, Minnesota.
|
| 546 |
|
|
|a In English.
|
| 610 |
2 |
0 |
|a Mall of America (Bloomington, Minn.)
|
| 610 |
2 |
7 |
|a Mall of America Company (Bloomington, Minn.)
|2 fast
|0 (OCoLC)fst00689841
|
| 650 |
|
0 |
|a Shopping malls
|z Minnesota
|z Bloomington.
|
| 650 |
|
6 |
|a Galeries marchandes
|z Minnesota
|z Bloomington.
|
| 650 |
|
7 |
|a Shopping malls.
|2 fast
|0 (OCoLC)fst01116944
|
| 651 |
|
7 |
|a Minnesota
|z Bloomington.
|2 fast
|0 (OCoLC)fst01208348
|1 https://id.oclc.org/worldcat/entity/E39PBJyMcBTKBH9Cth3Wqh46rq
|
| 655 |
|
7 |
|a Television news programs.
|2 fast
|0 (OCoLC)fst01710455
|
| 655 |
|
7 |
|a Television news programs.
|2 lcgft
|
| 655 |
|
7 |
|a Téléjournaux.
|2 rvmgf
|
| 710 |
2 |
|
|a CBS News Productions,
|e production company.
|
| 856 |
4 |
0 |
|u http://proxy.library.tamu.edu/login?url=https://www.aspresolver.com/aspresolver.asp?MARC;3167326
|z Connect to this streaming video (Alexander Street Press)
|t 0
|
| 955 |
|
|
|a Alexander Street Press subscription streaming video
|
| 994 |
|
|
|a 92
|b TXA
|
| 999 |
f |
f |
|s 44e57d2d-7cba-4ad8-beb5-b1b8170260ba
|i 8128f0d6-4c54-4b8b-b5f4-f12dc08fafd4
|t 0
|
| 952 |
f |
f |
|a Texas A&M University
|b College Station
|c Electronic Resources
|d Available Online
|t 0
|h Library of Congress classification
|
| 998 |
f |
f |
|t 0
|l Available Online
|